Advanced differential calculus of several variables/ (Record no. 189000)

MARC details
000 -LEADER
fixed length control field 00555nam a2200181 4500
005 - DATE AND TIME OF LATEST TRANSACTION
control field 20220629154120.0
010 ## - LCCN (DPL NO)
LC control number ENG-133173
020 ## - INTERNATIONAL STANDARD BOOK NUMBER
International Standard Book Number 9789387162198
Terms of availability 350.00
035 ## - SYSTEM CONTROL NUMBER
System control number EN-116705
037 ## - SOURCE OF ACQUISITION
Source of stock number/acquisition DBAD/PUB
082 ## - DEWEY DECIMAL CLASSIFICATION NUMBER
Classification number 515.33
100 ## - MAIN ENTRY--PERSONAL NAME
Personal name Mukherjee, Subir Kumar
245 ## - TITLE STATEMENT
Title Advanced differential calculus of several variables/
Statement of responsibility, etc Subir Kumar Mukherjee
260 ## - PUBLICATION, DISTRIBUTION, ETC. (IMPRINT)
Place of publication, distribution, etc Kolkata
Name of publisher, distributor, etc Academic Publishers
Date of publication, distribution, etc 2019
270 ## - ADDRESS
Address 5A, Bhawani Dutta Lane
City Kolkata
Postal code 700073
300 ## - PHYSICAL DESCRIPTION
Extent 390p.
Dimensions 24cm(pbk)
942 ## - ADDED ENTRY ELEMENTS (KOHA)
Source of classification or shelving scheme Dewey Decimal Classification
Item type English Books
Classification part 515.33
Call number suffix MUK
Holdings
Withdrawn status Lost status Not for loan Collection code Home library Current library Date acquired Source of acquisition Cost, normal purchase price Full call number Barcode Copy number Cost, replacement price Koha item type
      Non-fiction Ashok Vihar Ashok Vihar 09/06/2022 DBAD/PUB 350.00 515.33 MUK EN-116705 1 350.00 English Books

© Delhi Public Library
Hit Counter
free hit counter